Statistics for Flags Without White

Click here to take the quiz!

General Stats

  • This quiz has been taken 32 times
  • The average score is 40 of 51

Answer Stats

Answer% Correct
Albania
100%
Belgium
100%
China
100%
Germany
100%
Jamaica
100%
Sweden
100%
Bangladesh
97%
North Macedonia
97%
Vietnam
97%
Barbados
93%
Colombia
90%
Kazakhstan
90%
Morocco
90%
Romania
87%
Sri Lanka
87%
Ukraine
87%
Angola
83%
Bahamas
83%
Chad
83%
Ethiopia
83%
Liechtenstein
83%
Palau
83%
Andorra
80%
Cameroon
80%
Kyrgyzstan
80%
Moldova
80%
Montenegro
80%
Zambia
80%
D.R. Congo
77%
Malawi
77%
Mongolia
77%
St. Vincent and the Grenadines
77%
Tanzania
77%
Ghana
73%
Mauritania
73%
Armenia
70%
Gabon
70%
Eritrea
67%
Grenada
67%
Lithuania
67%
Mali
67%
Senegal
67%
Vanuatu
67%
Benin
63%
Bolivia
63%
Guinea
60%
Rwanda
60%
São Tomé and Príncipe
60%
Rep. of the Congo
57%
Guinea-Bissau
53%
Mauritius
53%

Score Distribution

Percentile by Number Answered

Percent of People with Each Score

Your Score History

You have not taken this quiz